| 000 | 01238nam a2200361 c 4500 | ||
|---|---|---|---|
| 999 |
_c18944 _d18944 |
||
| 003 | BLK | ||
| 005 | 20220228142336.0 | ||
| 008 | 180413b bul|||||r ||||||| ||bul|| | ||
| 010 | _aKNG00021028000 | ||
| 020 | _a954-8952-16-5 | ||
| 040 | _aBLK | ||
| 041 |
_aBUL _cBUL |
||
| 072 | 7 |
_2bullib _aЯ _xАвтографи |
|
| 072 | 7 |
_2bullib _aК _xКраезнание |
|
| 072 | 7 |
_2bullib _aРА _xРусенски автори |
|
| 080 |
_aБългарска литература _b821.163.2 _x-1 _z821.163.2-1 |
||
| 080 |
_aБългарска литература _b821.163.2 _x-84 _z821.163.2-84 |
||
| 100 | 1 |
_aЯнчева, Елисавета _eпърви автор _9263356 |
|
| 139 |
_aЯнчева, Елисавета _bЯ 71 |
||
| 245 | 1 | 0 |
_aБезвремие _bСтихове, размисли _cЕлисавета Янчева. |
| 257 | _aBGR | ||
| 260 |
_bСилоам прес _c1997 |
||
| 300 |
_a64 с. _bс ил. _c20 см |
||
| 380 | _aX | ||
| 500 | _a700 тир. | ||
| 659 | _aК | ||
| 659 | _aЯ | ||
| 852 | _aЦб 196026 | ||
| 852 | _aК 821.163.2/Я 71 E | ||
| 856 | 4 |
_qpdf _u |
|
| 856 | 4 |
_qpdf _u |
|
| 942 |
_cKNG _n0 _s1 |
||
| 944 |
_aCR _c15.01.2003 _kAB_DOS |
||
| 944 |
_aED _c28.05.2015 _kВалентина_Караджова |
||
| 999 | _d18944 | ||